Months in French - Statistics

General Stats
  • This quiz has been taken 26 times
  • The average score is 11 of 12
Answer Stats
Hint Answer % Correct
September Septembre
100%
April Avril
94%
December Decembre
94%
January Janvier
94%
May Mai
94%
March Mars
94%
November Novembre
94%
October Octobre
94%
February Fevrier
88%
June Juin
88%
August Août
81%
July Juillet
75%
No matching quizzes found
Score Distribution
Percent of People with Each Score
Percentile by Number Answered
Your Score History
You have not taken this quiz